Desarrollo sustentable: una oportunidad para la vida (Registro nro. 4609)
[ vista simple ]
| 000 -Cabecera | |
|---|---|
| Campo de control de longitud fija | 00795aam a2200301 4500 |
| 005 - Fecha y hora de la última transacción | |
| Campo de control | 20250819110135.0 |
| 008 - Elementos de longitud fija--Información general | |
| Campo de control de longitud fija | 150414b2009 xxu||||| |||| 00| 0 spa d |
| 020 ## - International Standard Book Number | |
| Número Internacional Estándar del Libro (ISBN) | 9789701070253 |
| 041 ## - Idioma | |
| Código de idioma | Español |
| 082 ## - Clasificación Decimal Dewey | |
| Número de clasificación | 338.927 D542d |
| 100 ## - Entrada principal--Autor personal | |
| Nombre personal | Díaz Coutiño, Reynol |
| 100 ## - Entrada principal--Autor personal | |
| Nombre personal | Escárcega Castellanos, Susana |
| 9 (RLIN) | 33655 |
| 245 ## - Título propiamente dicho | |
| Título | Desarrollo sustentable: una oportunidad para la vida |
| 260 ## - Pie de imprenta | |
| Lugar de publicación, distribución, etc. | México |
| 260 ## - Pie de imprenta | |
| Nombre del editor, distribuidor, etc. | McGraw Hill |
| 260 ## - Pie de imprenta | |
| Fecha de publicación, distribución, etc. | 2009 |
| 300 ## - Descripción física | |
| Extensión | 276 páginas |
| 490 ## - Serie | |
| Título de la Serie | Turismo |
| 650 ## - Materia general | |
| Temática (materia general) | DESARROLLO SOSTENIBLE |
| 650 ## - Materia general | |
| Temática (materia general) | ECOLOGÍA |
| 650 ## - Materia general | |
| Temática (materia general) | IMPACTO AMBIENTAL |
| 650 ## - Materia general | |
| Temática (materia general) | MEDIO AMBIENTE |
| 650 ## - Materia general | |
| Temática (materia general) | ÉTICA AMBIENTAL |
| 650 ## - Materia general | |
| Temática (materia general) | LEGISLACIÓN AMBIENTAL |
| 650 ## - Materia general | |
| Temática (materia general) | CALIDAD AMBIENTAL |
| 650 ## - Materia general | |
| Temática (materia general) | CALIDAD DE VIDA |
| 942 ## - Punto de acceso adicional KOHA | |
| Tipo de ítem KOHA | Libro |
| Fuente del sistema de clasificación o colocación | Dewey Decimal Classification |
| Signatura completa | Código de barras | Programa Académico | Tipo de ítem |
|---|---|---|---|
| 338.927 D542d | 13583 | Turismo | Libro |